[Event "HUN-chT2 Erkel 1718"]
[Site "Hungary"]
[Date "2017.12.17"]
[Round "6.4"]
[White "Kozma, Gabor"]
[Black "Vagyi, Erik"]
[Result "1/2-1/2"]
[WhiteElo "2032"]
[BlackElo "2135"]
[PlyCount "61"]
[EventDate "2017.09.24"]
[EventType "team-tourn"]
[EventRounds "11"]
[EventCountry "HUN"]
[SourceTitle "EXT 2021"]
[Source "ChessBase"]
[SourceDate "2020.10.23"]
[SourceVersion "1"]
[SourceVersionDate "2020.10.23"]
[SourceQuality "1"]
[WhiteTeam "Szada GSBE"]
[BlackTeam "Sarkany DSE"]
[WhiteTeamCountry "HUN"]
[BlackTeamCountry "HUN"]

1. e4 e6 2. d4 d5 3. exd5 exd5 4. Bd3 c5 5. Nf3 Nf6 6. Bg5 c4 7. Be2 Nc6 8. 0-0 Bd6 9. b3 cxb3 10. axb3 0-0 11. c4 Be6 12. Nc3 Be7 13. Ne5 Ne4 14. Nxc6 bxc6 15. Bxe7 Qxe7 16. Nxe4 dxe4 17. Qd2 Rab8 18. Rfb1 Bf5 19. Qe3 Rb7 20. Ra6 Qd7 21. Rba1 Rd8 22. R6a5 Be6 23. d5 cxd5 24. cxd5 Bxd5 25. Rxa7 Rdb8 26. h3 h6 27. Rxb7 Rxb7 28. Bc4 Qe6 29. Re1 Bxc4 30. bxc4 Qxc4 31. Qxe4 1/2-1/2

[Event "HUN-chT2 Breyer 1516"]
[Site "Hungary"]
[Date "2015.12.06"]
[Round "6.3"]
[White "Demeter, Tamas"]
[Black "Vagyi, Erik"]
[Result "1/2-1/2"]
[WhiteElo "2060"]
[BlackElo "2125"]
[PlyCount "109"]
[EventDate "2015.09.13"]
[EventType "team-tourn"]
[EventRounds "11"]
[EventCountry "HUN"]
[SourceTitle "CBM 170 Extra"]
[Source "ChessBase"]
[SourceDate "2016.02.25"]
[SourceVersion "1"]
[SourceVersionDate "2016.02.25"]
[SourceQuality "1"]
[WhiteTeam "Gyor UDSE"]
[BlackTeam "Sarkany DSE"]
[WhiteTeamCountry "HUN"]
[BlackTeamCountry "HUN"]

1. c4 Nf6 2. d4 g6 3. Nc3 d5 4. cxd5 Nxd5 5. e4 Nxc3 6. bxc3 Bg7 7. Qb3 0-0 8. Nf3 c5 9. d5 Qc7 10. Be2 Nd7 11. 0-0 Nf6 12. Qc2 e6 13. d6 Qc6 14. e5 Nd7 15. Bf4 b6 16. Ng5 Bb7 17. Bf3 Qc8 18. Rfe1 Nxe5 19. Bxb7 Qxb7 20. Bxe5 Bxe5 21. Rxe5 f6 22. Nxh7 Kxh7 23. Rxe6 Rae8 24. Rae1 Rxe6 25. Rxe6 Rf7 26. c4 Kg7 27. h4 Qd7 28. Qe4 a6 29. g4 b5 30. g5 Qd8 31. gxf6+ Rxf6 32. Re7+ Kf8 33. Rh7 Kg8 34. Qb7 Qf8 35. d7 Qd8 36. Qc8 Rf8 37. Qxd8 Rxd8 38. Re7 Kf8 39. Re5 Rxd7 40. Rxc5 Rd2 41. cxb5 axb5 42. Rxb5 Rxa2 43. Kg2 Kf7 44. Kg3 Ra4 45. f3 Kf6 46. Rb6+ Kf5 47. Rb8 Kf6 48. Rf8+ Kg7 49. Rf4 Ra1 50. Rc4 Kf6 51. Kg4 Ra5 52. Rc2 Rb5 53. Rc6+ Kf7 54. f4 Ra5 55. Rc7+ 1/2-1/2

[Event "HUN-chT2 Szechenyi 1314"]
[Site "Hungary"]
[Date "2014.03.02"]
[Round "8.2"]
[White "Vagyi, Erik"]
[Black "Farkas, Zsolt"]
[Result "1/2-1/2"]
[WhiteElo "2125"]
[BlackElo "2180"]
[PlyCount "44"]
[EventDate "2013.09.08"]
[EventType "team-tourn"]
[EventRounds "11"]
[EventCountry "HUN"]
[SourceTitle "EXT 2016"]
[Source "ChessBase"]
[SourceDate "2015.10.08"]
[SourceVersion "1"]
[SourceVersionDate "2015.10.08"]
[SourceQuality "1"]
[WhiteTeam "Veszprem"]
[BlackTeam "Baki Agrocentrum"]
[WhiteTeamCountry "HUN"]
[BlackTeamCountry "HUN"]

1. Nf3 f5 2. g3 Nf6 3. Bg2 g6 4. d4 Bg7 5. 0-0 0-0 6. c4 d6 7. Nc3 Nc6 8. d5 Ne5 9. Nxe5 dxe5 10. e4 f4 11. gxf4 Nh5 12. f5 Nf4 13. Ne2 Nxg2 14. Kxg2 gxf5 15. exf5 Bxf5 16. Ng3 Qd7 17. Nxf5 Qxf5 18. f3 Rf6 19. Qe2 Raf8 20. Bd2 Rg6+ 21. Kh1 Qh3 22. Rf2 Rf5 1/2-1/2

[Event "HUN-chT2 Szechenyi 1314"]
[Site "Hungary"]
[Date "2013.10.20"]
[Round "3.1"]
[White "Kislik, Erik Andrew"]
[Black "Vagyi, Erik"]
[Result "1-0"]
[WhiteElo "2368"]
[BlackElo "2125"]
[PlyCount "65"]
[EventDate "2013.09.08"]
[EventType "team-tourn"]
[EventRounds "11"]
[EventCountry "HUN"]
[SourceTitle "EXT 2016"]
[Source "ChessBase"]
[SourceDate "2015.10.08"]
[SourceVersion "1"]
[SourceVersionDate "2015.10.08"]
[SourceQuality "1"]
[WhiteTeam "Ajka Banyasz"]
[BlackTeam "Veszprem"]
[WhiteTeamCountry "HUN"]
[BlackTeamCountry "HUN"]

1. d4 Nf6 2. c4 g6 3. f3 c5 4. d5 e6 5. Nc3 exd5 6. cxd5 d6 7. e4 a6 8. a4 Bg7 9. Nge2 0-0 10. Ng3 Nbd7 11. Be2 Qc7 12. 0-0 b6 13. Be3 Rb8 14. Rc1 Ne5 15. h3 c4 16. f4 Ned7 17. b4 cxb3 18. Nb5 Qxc1 19. Bxc1 axb5 20. Bxb5 Re8 21. e5 dxe5 22. fxe5 Rxe5 23. Bf4 Rxd5 24. Qxb3 Nc5 25. Qc2 Ra8 26. Bc6 Bb7 27. Bxb7 Nxb7 28. Qc6 Ra7 29. Ne4 Nxe4 30. Qe8+ Bf8 31. Bh6 Rd8 32. Qxf7+ Kh8 33. Qxf8+ 1-0

[Event "HUN-chT2 Charousek 1112"]
[Site "Hungary"]
[Date "2012.05.06"]
[Round "10"]
[White "Szijjarto, Laszlo"]
[Black "Vagyi, Erik"]
[Result "0-1"]
[WhiteElo "1978"]
[BlackElo "2126"]
[PlyCount "78"]
[EventDate "2011.09.25"]
[EventType "team-tourn"]
[EventRounds "11"]
[EventCountry "HUN"]
[SourceTitle "EXT 2013"]
[Source "ChessBase"]
[SourceDate "2012.11.22"]
[SourceVersion "1"]
[SourceVersionDate "2012.11.22"]
[SourceQuality "1"]
[WhiteTeam "Paks II"]
[BlackTeam "Veszprem"]
[WhiteTeamCountry "HUN"]
[BlackTeamCountry "HUN"]

1. d4 Nf6 2. c4 g6 3. Nc3 d5 4. cxd5 Nxd5 5. e4 Nxc3 6. bxc3 Bg7 7. Bc4 0-0 8. Ne2 c5 9. 0-0 Nc6 10. Be3 Qc7 11. Rc1 Rd8 12. a4 Na5 13. Ba2 b6 14. Bf4 e5 15. Bg3 Qe7 16. Bd5 Bb7 17. Bxb7 Nxb7 18. d5 Nd6 19. Qc2 c4 20. Rce1 Rf8 21. f3 Bh6 22. f4 f6 23. Qb1 Rae8 24. Kh1 Qd7 25. h3 Qxa4 26. fxe5 fxe5 27. Rxf8+ Bxf8 28. Ng1 Bg7 29. Nf3 h6 30. Nd2 Qd7 31. Qb4 Qc7 32. Ra1 a5 33. Qb2 b5 34. Bf2 Rb8 35. Qc2 b4 36. cxb4 axb4 37. Nb3 Qf7 38. Nc5 b3 39. Qb2 c3 0-1

[Event "HUN-chT2 Charousek 1112"]
[Site "Hungary"]
[Date "2012.01.29"]
[Round "5"]
[White "Fur, Katinka"]
[Black "Vagyi, Erik"]
[Result "1/2-1/2"]
[WhiteElo "2010"]
[BlackElo "2126"]
[PlyCount "26"]
[EventDate "2011.09.25"]
[EventType "team-tourn"]
[EventRounds "11"]
[EventCountry "HUN"]
[SourceTitle "EXT 2013"]
[Source "ChessBase"]
[SourceDate "2012.11.22"]
[SourceVersion "1"]
[SourceVersionDate "2012.11.22"]
[SourceQuality "1"]
[WhiteTeam "Balatonfuered"]
[BlackTeam "Veszprem"]
[WhiteTeamCountry "HUN"]
[BlackTeamCountry "HUN"]

1. d4 Nf6 2. Nf3 g6 3. c4 Bg7 4. g3 0-0 5. Bg2 c6 6. 0-0 d5 7. cxd5 cxd5 8. Ne5 e6 9. Nc3 Nfd7 10. f4 Nc6 11. e3 Ndxe5 12. fxe5 f6 13. exf6 Rxf6 1/2-1/2

[Event "HUN-chT2 Szechenyi 1011"]
[Site "Hungary"]
[Date "2011.05.15"]
[Round "11.6"]
[White "Szentmihalyi, Daniel"]
[Black "Vagyi, Erik"]
[Result "1-0"]
[WhiteElo "2013"]
[BlackElo "2137"]
[PlyCount "44"]
[EventDate "2010.09.12"]
[EventType "team-tourn"]
[EventRounds "11"]
[EventCountry "HUN"]
[SourceTitle "EXT 2012"]
[Source "ChessBase"]
[SourceDate "2011.11.24"]
[SourceVersion "1"]
[SourceVersionDate "2011.11.24"]
[SourceQuality "1"]
[WhiteTeam "FKMK"]
[BlackTeam "Veszprem"]
[WhiteTeamCountry "HUN"]
[BlackTeamCountry "HUN"]

1. e4 e6 2. d4 d5 3. Nc3 Bb4 4. Qg4 Nf6 5. Qxg7 Rg8 6. Qh6 Rg6 7. Qe3 Nxe4 8. Nge2 c5 9. f3 Nd6 10. Nf4 Nf5 11. Qe5 Qh4+ 12. Kd1 Rg8 13. Ncxd5 Nc6 14. Bb5 Nfxd4 15. Nf6+ Kf8 16. Qd6+ Kg7 17. N4h5+ Kh8 18. Bh6 Bd7 19. Bxc6 Nxc6 20. Qd3 Rg6 21. Qxg6 Qd4+ 22. Kc1 Qd2+ 1-0

[Event "HUN-chT2 Szechenyi 1011"]
[Site "Hungary"]
[Date "2011.04.17"]
[Round "9.6"]
[White "Vagyi, Erik"]
[Black "Kiss, Judit"]
[Result "1-0"]
[WhiteElo "2137"]
[BlackElo "2068"]
[PlyCount "93"]
[EventDate "2010.09.12"]
[EventType "team-tourn"]
[EventRounds "11"]
[EventCountry "HUN"]
[SourceTitle "EXT 2012"]
[Source "ChessBase"]
[SourceDate "2011.11.24"]
[SourceVersion "1"]
[SourceVersionDate "2011.11.24"]
[SourceQuality "1"]
[WhiteTeam "Veszprem"]
[BlackTeam "Spartacus"]
[WhiteTeamCountry "HUN"]
[BlackTeamCountry "HUN"]

1. Nf3 d5 2. g3 Nf6 3. Bg2 c5 4. 0-0 Nc6 5. d4 cxd4 6. Nxd4 e5 7. Nxc6 bxc6 8. c4 Be7 9. Bg5 Be6 10. Nc3 e4 11. Qa4 0-0 12. Qxc6 Rc8 13. Qa6 Rxc4 14. Rfd1 Qb6 15. Qxb6 axb6 16. Bxf6 Bxf6 17. Nxd5 Bxb2 18. Rab1 Bxd5 19. Rxb2 Rc5 20. Rxb6 f5 21. a4 Ra8 22. Rb4 Rca5 23. Rdd4 Bc6 24. f3 Rxa4 25. Rxa4 Rxa4 26. Rxa4 Bxa4 27. fxe4 fxe4 28. Bxe4 g6 29. Kf2 Kf7 30. Ke3 Kf6 31. Kd4 Kg5 32. Bf3 h5 33. Ke5 h4 34. Kd6 Bd1 35. Ke5 hxg3 36. hxg3 Bb3 37. e3 Bc2 38. e4 Bb3 39. Kd6 Kf6 40. Bg4 Bc4 41. e5+ Kf7 42. Bd7 g5 43. e6+ Kf6 44. e7 Bf7 45. e8Q Bxe8 46. Bxe8 Kf5 47. Bd7+ 1-0

[Event "HUN-chT2 Szechenyi 0506"]
[Site "Hungary"]
[Date "2005.12.04"]
[Round "5"]
[White "Vagyi, Erik"]
[Black "Koronghy, Gyula"]
[Result "1-0"]
[WhiteElo "2142"]
[BlackElo "2195"]
[PlyCount "39"]
[EventDate "2005.10.16"]
[EventType "team-tourn"]
[EventRounds "11"]
[EventCountry "HUN"]
[SourceTitle "EXT 2009"]
[Source "ChessBase"]
[SourceDate "2008.11.26"]
[SourceVersion "1"]
[SourceVersionDate "2008.11.26"]
[SourceQuality "1"]
[WhiteTeam "HEMO"]
[BlackTeam "Sarvar"]
[WhiteTeamCountry "HUN"]
[BlackTeamCountry "HUN"]

1. Nf3 Nc6 2. d4 d5 3. Bf4 Bf5 4. e3 Nf6 5. Bb5 Bd7 6. 0-0 e6 7. c4 dxc4 8. Bxc4 Bd6 9. Ne5 0-0 10. Nc3 a6 11. Rc1 h6 12. Qf3 Bxe5 13. dxe5 Nh7 14. Rfd1 Qe7 15. Bd3 Rfd8 16. Bxh7+ Kxh7 17. Ne4 Be8 18. Bxh6 Kxh6 19. Qh3+ Kg6 20. g4 1-0

[Event "HUN-chT2 Szechenyi 0304"]
[Site "Hungary"]
[Date "2004.02.08"]
[Round "7"]
[White "Gruskovnjak, Tomislav"]
[Black "Vagyi, Erik"]
[Result "1-0"]
[WhiteElo "2325"]
[BlackElo "2141"]
[PlyCount "63"]
[EventDate "2003.09.28"]
[EventType "team-tourn"]
[EventRounds "11"]
[EventCountry "HUN"]
[SourceTitle "EXT 2009"]
[Source "ChessBase"]
[SourceDate "2008.11.26"]
[SourceVersion "1"]
[SourceVersionDate "2008.11.26"]
[SourceQuality "1"]
[WhiteTeam "Szentgotthard"]
[BlackTeam "Veszprem"]
[WhiteTeamCountry "HUN"]
[BlackTeamCountry "HUN"]

1. e4 e6 2. d4 d5 3. Nd2 Nf6 4. e5 Nfd7 5. Bd3 c5 6. c3 Nc6 7. Ne2 cxd4 8. cxd4 f6 9. exf6 Nxf6 10. Nf3 Bd6 11. 0-0 0-0 12. Bg5 Bd7 13. Bh4 Qc7 14. Bg3 Rae8 15. Bxd6 Qxd6 16. Ng3 e5 17. dxe5 Nxe5 18. Nxe5 Rxe5 19. Qb3 Bc6 20. Nf5 Qd7 21. Nd4 Qg4 22. f4 Ree8 23. Bf5 Qh5 24. Rf3 Re7 25. Be6+ Kh8 26. Re1 Ng4 27. Rh3 Qg6 28. f5 Qg5 29. Qg3 Qd2 30. Nf3 Qb4 31. Rxh7+ Kxh7 32. Qh4+ 1-0

[Event "HUN-chT2 Szechenyi 0304"]
[Site "Hungary"]
[Date "2003.09.28"]
[Round "1"]
[White "Vagyi, Erik"]
[Black "Marton, Jozsef"]
[Result "1/2-1/2"]
[WhiteElo "2141"]
[BlackElo "2178"]
[PlyCount "77"]
[EventDate "2003.09.28"]
[EventType "team-tourn"]
[EventRounds "11"]
[EventCountry "HUN"]
[SourceTitle "EXT 2009"]
[Source "ChessBase"]
[SourceDate "2008.11.26"]
[SourceVersion "1"]
[SourceVersionDate "2008.11.26"]
[SourceQuality "1"]
[WhiteTeam "Veszprem"]
[BlackTeam "Ajka Banyasz"]
[WhiteTeamCountry "HUN"]
[BlackTeamCountry "HUN"]

1. Nf3 d5 2. g3 Nf6 3. Bg2 e6 4. 0-0 Bd6 5. d4 0-0 6. c4 b6 7. Nc3 Bb7 8. Ne5 c6 9. Bg5 h6 10. Bxf6 Qxf6 11. f4 Qd8 12. e4 dxc4 13. Nxc4 Be7 14. d5 Bc5+ 15. Kh1 Ba6 16. Qb3 b5 17. Ne5 b4 18. Rfd1 bxc3 19. dxe6 Qe7 20. exf7+ Kh7 21. Qxc3 Be2 22. Rdc1 Bd6 23. Qc2 Bxe5 24. Qxe2 Bc7 25. e5 Rxf7 26. Rd1 a5 27. Qg4 g6 28. Be4 Rg7 29. h4 Nd7 30. h5 Nf8 31. hxg6+ Nxg6 32. f5 Qxe5 33. fxg6+ Kh8 34. Bxc6 Rb8 35. b3 Qxg3 36. Qxg3 Bxg3 37. Be4 Re7 38. Bf3 Kg7 39. Kg2 1/2-1/2

[Event "Veszprem op 6th"]
[Site "Veszprem"]
[Date "2000.??.??"]
[Round "3"]
[White "Gyorkos, Lajos"]
[Black "Vagyi, Erik"]
[Result "1-0"]
[WhiteElo "2380"]
[BlackElo "2170"]
[PlyCount "37"]
[EventDate "2000.??.??"]
[EventType "swiss"]
[EventRounds "7"]
[EventCountry "HUN"]
[SourceTitle "EXT 2003"]
[Source "ChessBase"]
[SourceDate "2002.11.25"]
[SourceVersion "1"]
[SourceVersionDate "2002.11.25"]
[SourceQuality "1"]

1. Nf3 Nf6 2. g3 g6 3. Bg2 Bg7 4. d4 d5 5. 0-0 0-0 6. b3 c5 7. Bb2 Ne4 8. Qc1 Nc6 9. dxc5 Nxc5 10. Bxg7 Kxg7 11. Rd1 e6 12. c4 Qf6 13. Nbd2 b6 14. cxd5 exd5 15. Nf1 Ba6 16. Ne3 Ne7 17. Ng4 Qe6 18. Qh6+ Kg8 19. Ng5 1-0